Tài liệu tham khảo : Dùng cho giảng viên lí luận Mác-Lênin, tư tưởng Hồ Chí Minh các trường Đại học, Cao đẳng
Gồm các bài viết về chủ nghĩa xã hội và chủ nghĩa tư bản, cơ sở lý luận về xây dựng đất nước, tư tưởng Hồ Chí Minh về chủ nghĩa xã hội,...
Đã lưu trong:
| 格式: | 圖書 |
|---|---|
| 語言: | Undetermined |
| 出版: |
Hà Nội
Nxb. Hà Nội
2004
|
| 主題: | |
| 標簽: |
添加標簽
沒有標簽, 成為第一個標記此記錄!
|
| Thư viện lưu trữ: | Trung tâm Học liệu Trường Đại học Cần Thơ |
|---|
| LEADER | 00844nam a2200181Ia 4500 | ||
|---|---|---|---|
| 001 | CTU_224012 | ||
| 008 | 210402s9999 xx 000 0 und d | ||
| 082 | |a 335.43 | ||
| 082 | |b T103 | ||
| 245 | 0 | |a Tài liệu tham khảo : | |
| 245 | 0 | |b Dùng cho giảng viên lí luận Mác-Lênin, tư tưởng Hồ Chí Minh các trường Đại học, Cao đẳng | |
| 260 | |a Hà Nội | ||
| 260 | |b Nxb. Hà Nội | ||
| 260 | |c 2004 | ||
| 520 | |a Gồm các bài viết về chủ nghĩa xã hội và chủ nghĩa tư bản, cơ sở lý luận về xây dựng đất nước, tư tưởng Hồ Chí Minh về chủ nghĩa xã hội,... | ||
| 650 | |a Philosophy, Marxist,Triết học Mác | ||
| 910 | |b dqhieu | ||
| 980 | |a Trung tâm Học liệu Trường Đại học Cần Thơ | ||